World Capitals That Are Named After A Person - Statistics

General Stats
  • This quiz has been taken 275 times
    262 since last reset
  • The average score is 10 of 30
Answer Stats
Capital Country % Correct
Washington D. C. United States of America
92%
Santiago Chile
70%
Wellington New Zealand
63%
Georgetown Guyana
59%
Rome Italy
58%
San José Costa Rica
52%
San Salvador El Salvador
51%
Athens Greece
50%
Santo Domingo Dominican Republic
49%
Monrovia Liberia
47%
Saint George's Grenada
44%
Saint John's Antigua and Barbuda
41%
Port Moresby Papua New Guinea
39%
Port Louis Mauritius
36%
San Marino San Marino
34%
Pretoria South Africa
32%
Havana Cuba
28%
São Tomé São Tomé and Príncipe
28%
Brazzaville Republic of the Congo
25%
Valletta Malta
19%
Phnom Penh Cambodia
16%
Bandar Seri Begawan Brunei
15%
Sucre Bolivia
14%
Bucharest Romania
13%
Castries Saint Lucia
13%
Yamoussoukro Côte d'Ivoire
13%
Gaborone Botswana
10%
Lusaka Zambia
10%
Malabo Equatorial Guinea
8%
Mbabane Swaziland
6%
No matching quizzes found
Score Distribution
Percent of People with Each Score
Percentile by Number Answered
Your Score History
You have not taken this quiz since the last reset